| 000 | 00683nam a2200205 a 4500 | ||
|---|---|---|---|
| 005 | 20140310183201.0 | ||
| 008 | 021205s19uu xx 00 eng d | ||
| 020 | _a0781729297 | ||
| 050 |
_aRG 950 _b.W48 2002 |
||
| 100 | _aWheeler, Linda. | ||
| 245 |
_aNurse-Midwifery Handbook : _ba practical guide to prenatal & postpartum care / _cLinda Wheeler. |
||
| 250 | _a2nd | ||
| 260 |
_aPhiladelphia : _bLippincott Williams & Wilkins, _c2002. |
||
| 300 |
_a443 p. ; _bill. ; _c23 cm. |
||
| 650 |
_aMidwifery _xhandbooks, manuals, etc. |
||
| 650 |
_aPrenatal care _xhandbooks, manuals, etc. |
||
| 650 |
_aPostnatal care _xhandbooks, manuals, etc. |
||
| 942 |
_cBK _2lcc |
||
| 999 |
_c19866 _d19866 |
||